Oil palm estate manageent of mong reththy invesment cambodia oil palm co.,ltd,( ការគ្រប់គ្រងដំណាំចំការដូងប្រេង​របស់ក្រុមហ៊ុនម៉ង់រិទ្ធីវិនិយៅគទុនដំណាំដូងប្រេងលម្ពុជា) (Record no. 517)

000 -LEADER
fixed length control field 00691nam a22001577a 4500
003 - CONTROL NUMBER IDENTIFIER
control field OSt
005 - DATE AND TIME OF LATEST TRANSACTION
control field 20150915160738.0
008 - FIXED-LENGTH DATA ELEMENTS--GENERAL INFORMATION
fixed length control field 150915b xxu||||| |||| 00| 0 eng d
040 ## - CATALOGING SOURCE
Transcribing agency RUA
082 ## - DEWEY DECIMAL CLASSIFICATION NUMBER
Classification number AGR SUN 1999 BOO25 Or.1
100 ## - MAIN ENTRY--PERSONAL NAME
9 (RLIN) 539
Personal name SUN, CHAMRAUN
245 ## - TITLE STATEMENT
Title Oil palm estate manageent of mong reththy invesment cambodia oil palm co.,ltd,( ការគ្រប់គ្រងដំណាំចំការដូងប្រេង​របស់ក្រុមហ៊ុនម៉ង់រិទ្ធីវិនិយៅគទុនដំណាំដូងប្រេងលម្ពុជា)
260 ## - PUBLICATION, DISTRIBUTION, ETC. (IMPRINT)
Place of publication, distribution, etc. phnom phen
Name of publisher, distributor, etc. RUA
Date of publication, distribution, etc. 1999
300 ## - PHYSICAL DESCRIPTION
Extent 51p.
Other physical details ill.
Dimensions 29cm.
942 ## - ADDED ENTRY ELEMENTS (KOHA)
Source of classification or shelving scheme
Koha item type AGR
Holdings
Price effective from Date last seen Permanent Location Not for loan Date acquired Source of classification or shelving scheme Koha item type Lost status Withdrawn status Date last checked out Total Checkouts Shelving location Damaged status Barcode Current Location Full call number
2015-09-152016-08-02Library Block B 2015-09-15 AGR  2016-07-101B025 RUA005072Library Block BAGR SUN 1999 BOO25 Or.1
2015-09-152018-08-03Library Block B 2015-09-15 AGR  2018-07-242B025 RUA005144Library Block BAGR SUN 1999 BOO25 Or.2
2015-09-152022-09-06Library Block B 2015-09-15 AGR  2022-07-255B025 RUA005216Library Block BAGR SUN 1999 BOO25 Or.3
2015-09-152022-09-21Library Block B 2015-09-15 AGR  2022-09-065B025 RUA004057Library Block BAGR SUN 1999 BOO25 Or.4
មជ្ឈមណ្ឌលឯការនៃសាកលវិទ្យាល័យភូមិន្ទកសិកម្មចំការដូង

Powered by Koha